[Event "DEM U10"]
[Site "Willingen"]
[Date "2006.06.09"]
[Round "11.22"]
[White "Schnorr, Christian"]
[Black "Hauffen, Franziska"]
[Result "1-0"]
[WhiteElo "1372"]
[BlackElo "1084"]
[PlyCount "156"]
[EventDate "2006.??.??"]
[EventType "swiss"]
[EventRounds "11"]
[EventCountry "GER"]

1. d4 Nf6 2. Nf3 g6 3. e3 Bg7 4. c4 d6 5. Be2 O-O 6. O-O Nbd7 7. b4 e5 8. dxe5
dxe5 9. Qb3 Ne8 10. Bb2 f5 11. Rd1 Qe7 12. Na3 f4 13. Nc2 e4 14. Nfe1 Qg5 15.
c5+ Kh8 16. Bxg7+ Nxg7 17. exf4 Qxf4 18. Qe3 Qxe3 19. Nxe3 Ne5 20. f3 exf3 21.
Nxf3 Nxf3+ 22. Bxf3 Rb8 23. Rd2 Be6 24. Rad1 c6 25. a3 Rfe8 26. Nf1 Nf5 27. Rd3
Nh4 28. h3 Nxf3+ 29. Rxf3 Bd5 30. Rfd3 Re2 31. R3d2 Rxd2 32. Rxd2 Re8 33. Kf2
Kg7 34. Ne3 Rf8+ 35. Ke2 Re8 36. Kd3 Be4+ 37. Kc4 Re7 38. g3 h5 39. h4 Kf6 40.
Kc3 Bf3 41. Nc4 Bd5 42. Nd6 Re3+ 43. Rd3 Re7 44. Kd4 Rd7 45. Re3 Be6 46. Rf3+
Ke7 47. Ke5 Ba2 48. Rf6 Bb3 49. Rxg6 Kd8 50. Rg5 Re7+ 51. Kf4 Rh7 52. Rf5 Ke7
53. Nxb7 Bc2 54. Re5+ Kf6 55. Nd6 Rd7 56. Rxh5 Kg6 57. Rg5+ Kh6 58. h5 Bb1 59.
g4 Bc2 60. Nf5+ Kh7 61. Rg6 Rf7 62. Kg5 Rd7 63. Rxc6 Ba4 64. Rg6 Bc2 65. Rg7+
Rxg7+ 66. Nxg7 Kxg7 67. c6 Ba4 68. c7 Bd7 69. a4 a6 70. b5 axb5 71. axb5 Bc8
72. b6 Bb7 73. h6+ Kh7 74. Kh5 Bc8 75. g5 Bb7 76. g6+ Kg8 77. Kg5 Bc8 78. Kf6
Kf8 1-0

[Event "DEM U10"]
[Site "Willingen"]
[Date "2006.06.09"]
[Round "11.23"]
[White "Scholz, Andre"]
[Black "Helle, Samuel"]
[Result "1/2-1/2"]
[WhiteElo "1034"]
[BlackElo "1358"]
[PlyCount "35"]
[EventDate "2006.??.??"]
[EventType "swiss"]
[EventRounds "11"]
[EventCountry "GER"]

1. e4 e5 2. f4 exf4 3. Nf3 Nc6 4. d4 f5 5. Nc3 fxe4 6. Nxe4 d5 7. Nc3 Nf6 8.
Bd3 Bg4 9. Bb5 Bd6 10. O-O O-O 11. h3 Bh5 12. Bxc6 bxc6 13. Qd3 a6 14. Ng5 Qd7
15. Bxf4 Bg6 16. Qd2 h6 17. Nf3 Bxf4 18. Qxf4 1/2-1/2

[Event "DEM U10"]
[Site "Willingen"]
[Date "2006.06.09"]
[Round "11.24"]
[White "Steimbach, Isabel"]
[Black "Winterholler, Christina"]
[Result "1-0"]
[WhiteElo "975"]
[BlackElo "1332"]
[PlyCount "117"]
[EventDate "2006.??.??"]
[EventType "swiss"]
[EventRounds "11"]
[EventCountry "GER"]

1. e4 e5 2. Nf3 d6 3. Nc3 Be7 4. d4 exd4 5. Nxd4 Nf6 6. Bd3 O-O 7. O-O Re8 8.
f4 Bf8 9. Re1 Nbd7 10. Nd5 c6 11. Nc3 Qc7 12. Nf3 b6 13. b3 Bb7 14. Re2 d5 15.
e5 Bc5+ 16. Be3 Bxe3+ 17. Rxe3 c5 18. Re2 Ng4 19. Nb5 Qc6 20. Nd6 Re7 21. Nxb7
Qxb7 22. h3 Nh6 23. c4 Rd8 24. cxd5 Nf8 25. d6 Ree8 26. Be4 Qd7 27. g4 Ne6 28.
Qd2 f6 29. Bd5 Kh8 30. f5 Nf8 31. g5 fxg5 32. Qxg5 Nxf5 33. Be4 Nh6 34. Rd1
Qxh3 35. Rh2 Qd7 36. Nh4 Ng4 37. Bf5 Rxe5 38. Qxg4 Qf7 39. Rf2 Qg8 40. Nf3 Ree8
41. d7 Re7 42. Kf1 g6 43. Bc2 Nxd7 44. Rfd2 Qe8 45. Ng5 Qf8+ 46. Qf3 Qe8 47. b4
h6 48. Qh3 h5 49. Ba4 Re3 50. Bxd7 Qf8+ 51. Rf2 Qe7 52. Rf7 Qxg5 53. Qg2 Rg3
54. Qf2 Qh4 55. Qb2+ Qd4 56. Rxd4 Rg8 57. Rg4+ Rc3 58. Qxc3+ Rg7 59. Qxg7# 1-0

[Event "DEM U10"]
[Site "Willingen"]
[Date "2006.06.09"]
[Round "11.32"]
[White "Jünger, Alexander"]
[Black "Haryanto, Selina"]
[Result "1-0"]
[WhiteElo "1197"]
[BlackElo "979"]
[PlyCount "117"]
[EventDate "2006.??.??"]
[EventType "swiss"]
[EventRounds "11"]
[EventCountry "GER"]

1. e4 e5 2. Nf3 Nc6 3. d4 exd4 4. Bc4 Nf6 5. O-O Bc5 6. e5 d5 7. exf6 dxc4 8.
Re1+ Be6 9. Ng5 Qxf6 10. Nxe6 fxe6 11. Qh5+ g6 12. Qxc5 h6 13. Qxc4 e5 14. c3
O-O-O 15. Nd2 Qf5 16. Ne4 g5 17. Nc5 d3 18. Qe4 Rhf8 19. Qxf5+ Rxf5 20. Ne4 Ne7
21. Be3 b6 22. Rad1 c5 23. b4 c4 24. Nd2 Kc7 25. Nxc4 h5 26. Nb2 e4 27. f3 exf3
28. gxf3 Rxf3 29. Bxg5 Rf7 30. Rxe7+ Rxe7 31. Bxe7 Rg8+ 32. Kh1 Re8 33. Bh4 Re4
34. Bg3+ Kc6 35. Rxd3 h4 36. Rd6+ Kb7 37. Rd4 Rxd4 38. cxd4 hxg3 39. hxg3 Kc6
40. g4 Kd5 41. g5 Ke6 42. Nc4 Kf5 43. Kg2 Kxg5 44. Kf3 Kf5 45. a4 Kf6 46. Nxb6
axb6 47. a5 bxa5 48. bxa5 Ke6 49. a6 Kd5 50. a7 Kxd4 51. a8=Q Ke5 52. Qc6 Kd4
53. Qe6 Kd3 54. Qd7+ Kc4 55. Ke3 Kc5 56. Ke4 Kc4 57. Qc6+ Kb3 58. Qc5 Kb2 59.
Qc4 {illegaler Zug von Schwarz. Bald matt} 1-0

[Event "DEM U10"]
[Site "Willingen"]
[Date "2006.06.09"]
[Round "11.40"]
[White "Bonk, Andras"]
[Black "Geise, Maria"]
[Result "1/2-1/2"]
[WhiteElo "1084"]
[BlackElo "942"]
[PlyCount "59"]
[EventDate "2006.??.??"]
[EventType "swiss"]
[EventRounds "11"]
[EventCountry "GER"]

1. e4 c5 2. Nf3 a6 3. Nc3 e6 4. d3 Qc7 5. g3 d6 6. Bg2 Nf6 7. O-O Be7 8. Be3 b5
9. d4 c4 10. e5 Nfd7 11. Ng5 d5 12. Qh5 Bxg5 13. Bxg5 Nc6 14. Be3 Qa7 15. Bh3
Nf8 16. Rfe1 Ng6 17. a3 Rb8 18. Bg2 Qc7 19. Ne2 a5 20. c3 b4 21. Reb1 Bd7 22.
Bf3 O-O 23. Nf4 Nce7 24. Nxg6 Nxg6 25. Bd2 bxc3 26. Bxc3 a4 27. Bb4 Rfd8 28.
Bd6 Qa7 29. Bxb8 Rxb8 30. Qg4 1/2-1/2

[Event "DEM U10"]
[Site "Willingen"]
[Date "2006.06.09"]
[Round "11.44"]
[White "Puffay, Jana"]
[Black "Schrötter, Luisa"]
[Result "1/2-1/2"]
[WhiteElo "733"]
[BlackElo "748"]
[PlyCount "30"]
[EventDate "2006.??.??"]
[EventType "swiss"]
[EventRounds "11"]
[EventCountry "GER"]

1. e4 c6 2. Nc3 d5 3. exd5 cxd5 4. d4 Bf5 5. Bb5+ Nd7 6. Bf4 e6 7. Nf3 Ngf6 8.
Ne5 Bd6 9. Bxd7+ Nxd7 10. Qe2 f6 11. Nxd7 Qxd7 12. Bxd6 Qxd6 13. O-O O-O 14.
Rad1 Rfe8 15. Nb5 Qc6 1/2-1/2

[Event "DEM U14"]
[Site "Willingen"]
[Date "2006.06.09"]
[Round "9.10"]
[White "Bart, Simon"]
[Black "Belger, Christian"]
[Result "1-0"]
[WhiteElo "1667"]
[BlackElo "1966"]
[PlyCount "41"]
[EventDate "2006.??.??"]
[EventType "swiss"]
[EventRounds "9"]
[EventCountry "GER"]

1. e4 c5 2. Nf3 Nc6 3. Bb5 g6 4. Bxc6 dxc6 5. h3 Bg7 6. d3 e5 7. Be3 b6 8. Nbd2
Ne7 9. O-O O-O 10. Nc4 Qc7 11. Qd2 Be6 12. Na3 f5 13. Bh6 fxe4 14. Bxg7 Kxg7
15. Ng5 Bf5 16. dxe4 Bc8 17. Qc3 Rf6 18. Nc4 Ba6 19. Nxe5 Bxf1 20. Ng4 Raf8 21.
Ne6+ 1-0

[Event "DEM U14"]
[Site "Willingen"]
[Date "2006.06.09"]
[Round "9.11"]
[White "Völsgen, Georg"]
[Black "Schiffner, Kevin"]
[Result "0-1"]
[WhiteElo "1760"]
[BlackElo "1568"]
[PlyCount "72"]
[EventDate "2006.??.??"]
[EventType "swiss"]
[EventRounds "9"]
[EventCountry "GER"]

1. e4 c5 2. Nc3 Nc6 3. f4 e6 4. Nf3 d5 5. Bb5 Nge7 6. d3 d4 7. Ne2 Qa5+ 8. Nc3
dxc3 9. Bxc6+ Nxc6 10. bxc3 Qxc3+ 11. Bd2 Qf6 12. O-O Qd8 13. Bc3 Bd7 14. Qe1
f6 15. Qh4 Qe7 16. Rab1 O-O-O 17. Qf2 e5 18. Nd2 Nd4 19. Nc4 b6 20. Be1 Bb5 21.
Nb2 exf4 22. a4 Ba6 23. c3 Ne6 24. c4 Qc7 25. a5 Qc6 26. axb6 axb6 27. Bc3 Bd6
28. Ra1 Bb7 29. Rfb1 Kd7 30. Na4 Bc7 31. Qb2 Ke7 32. Nxb6 Bxb6 33. Qxb6 Qxb6
34. Rxb6 Rd7 35. Rab1 Ba8 36. Rd1 Rhd8 0-1

[Event "DEM U14"]
[Site "Willingen"]
[Date "2006.06.09"]
[Round "9.13"]
[White "Nolte, Christoph"]
[Black "Steinacker, Alex"]
[Result "1-0"]
[WhiteElo "1823"]
[BlackElo "1605"]
[PlyCount "77"]
[EventDate "2006.??.??"]
[EventType "swiss"]
[EventRounds "9"]
[EventCountry "GER"]

1. e4 c5 2. c4 Nc6 3. Nc3 g6 4. g3 Bg7 5. Bg2 d6 6. a3 f5 7. d3 Nf6 8. Nge2 e5
9. f4 O-O 10. O-O Re8 11. Rb1 Be6 12. Qc2 Rc8 13. Be3 a5 14. fxe5 Ng4 15. Qd2
Ngxe5 16. Nf4 fxe4 17. Nxe6 Rxe6 18. Bxe4 Kh8 19. Bd5 Re8 20. Ne4 Rf8 21. Rxf8+
Qxf8 22. Rf1 Qe7 23. Bg5 Qc7 24. Bf6 Nd4 25. Kg2 Nf5 26. Be6 Bxf6 27. Bxc8 Qxc8
28. Nxf6 Qc6+ 29. Nd5 b5 30. b3 a4 31. Kg1 axb3 32. Qg5 h6 33. Qf6+ Kh7 34.
Rxf5 gxf5 35. Qxf5+ Kg7 36. Qf6+ Kh7 37. Qe7+ Kg6 38. Nf4+ Kf5 39. Qe6+ 1-0

[Event "DEM U16w"]
[Site "Willingen"]
[Date "2006.06.09"]
[Round "9.3"]
[White "Jussupow, Ekaterina"]
[Black "Zikeli, Saskia"]
[Result "0-1"]
[WhiteElo "2021"]
[BlackElo "1985"]
[PlyCount "48"]
[EventDate "2006.??.??"]
[EventType "swiss"]
[EventRounds "9"]
[EventCountry "GER"]

1. e4 c5 2. Nf3 d6 3. d4 cxd4 4. Nxd4 Nf6 5. Nc3 a6 6. Be3 e5 7. Nb3 Be6 8. f3
Be7 9. Qd2 O-O 10. O-O-O Nbd7 11. g4 b5 12. g5 b4 13. Ne2 Ne8 14. h4 a5 15. Kb1
a4 16. Nbc1 b3 17. cxb3 axb3 18. a3 d5 19. exd5 Bf5+ 20. Nd3 Nd6 21. Ng3 Nc4
22. Qf2 Bxa3 23. Rc1 Qa5 24. Rxc4 Bb4 0-1

[Event "DEM U16w"]
[Site "Willingen"]
[Date "2006.06.09"]
[Round "9.11"]
[White "Hoffmann, Lena"]
[Black "van Orsouw, Svenja"]
[Result "0-1"]
[WhiteElo "1910"]
[BlackElo "1596"]
[PlyCount "76"]
[EventDate "2006.??.??"]
[EventType "swiss"]
[EventRounds "9"]
[EventCountry "GER"]

1. Nc3 c5 2. e4 Nc6 3. g3 g6 4. Bg2 Bg7 5. f4 e6 6. Nf3 d6 7. O-O Nge7 8. d3
O-O 9. Be3 Nd4 10. Qd2 Rb8 11. Ne1 b5 12. Nd1 b4 13. c3 bxc3 14. bxc3 Qa5 15.
Rc1 Ndc6 16. g4 f5 17. gxf5 exf5 18. Qf2 Bb7 19. e5 dxe5 20. Bxc5 exf4 21. Bxc6
Nxc6 22. Bxf8 Rxf8 23. Nf3 Qd5 24. Qc2 Ne5 25. Nxe5 Qh1+ 26. Kf2 Qxh2+ 27. Ke1
Qg3+ 28. Rf2 Bxe5 29. Qb3+ Rf7 30. d4 Bd6 31. Rcc2 Kg7 32. Kd2 Be4 33. Rb2 f3
34. Qc4 Bf4+ 35. Ke1 Bd5 36. Qc5 Kf6 37. Kf1 Qh3+ 38. Kg1 Re7 0-1

[Event "DEM U18w"]
[Site "Willingen"]
[Date "2006.06.09"]
[Round "9.1"]
[White "Butschek, Tanja"]
[Black "Hoolt, Sarah"]
[Result "0-1"]
[WhiteElo "2025"]
[BlackElo "2145"]
[PlyCount "58"]
[EventDate "2006.??.??"]
[EventType "swiss"]
[EventRounds "9"]
[EventCountry "GER"]

1. e4 c5 2. Nf3 e6 3. d4 cxd4 4. Nxd4 Nc6 5. Nxc6 bxc6 6. Bd3 Nf6 7. O-O e5 8.
c4 d6 9. Nd2 Be7 10. Qa4 Bd7 11. c5 d5 12. exd5 Nxd5 13. Re1 Qc7 14. Nb3 O-O
15. Qe4 f5 16. Qxe5 Qxe5 17. Rxe5 Bf6 18. Re2 a5 19. Bc4 a4 20. Nd2 Rfe8 21.
Rxe8+ Bxe8 22. Rb1 Bf7 23. Nf3 Rb8 24. Ng5 Bxg5 25. Bxg5 Nc3 26. Bxf7+ Kxf7 27.
Re1 Rxb2 28. f3 h6 29. Bf4 Ne2+ 0-1

[Event "DEM U18w"]
[Site "Willingen"]
[Date "2006.06.09"]
[Round "9.3"]
[White "Nuber, Helene"]
[Black "Winkelmann, Elena"]
[Result "1/2-1/2"]
[WhiteElo "2042"]
[BlackElo "2055"]
[PlyCount "22"]
[EventDate "2006.??.??"]
[EventType "swiss"]
[EventRounds "9"]
[EventCountry "GER"]

1. e4 c5 2. Nf3 e6 3. c3 d5 4. e5 Nc6 5. d4 cxd4 6. cxd4 Bb4+ 7. Bd2 Bxd2+ 8.
Qxd2 f6 9. Nc3 a6 10. Bd3 Qc7 11. O-O fxe5 1/2-1/2

[Event "DEM U18w"]
[Site "Willingen"]
[Date "2006.06.09"]
[Round "9.13"]
[White "Breitwieser, Jasmin"]
[Black "Völschow, Toni"]
[Result "0-1"]
[WhiteElo "1338"]
[BlackElo "1850"]
[PlyCount "128"]
[EventDate "2006.??.??"]
[EventType "swiss"]
[EventRounds "9"]
[EventCountry "GER"]

1. e4 c5 2. Nc3 e6 3. g3 g6 4. Bg2 Bg7 5. d3 Ne7 6. f4 d6 7. Nf3 Nbc6 8. O-O
O-O 9. Be3 Nd4 10. Bf2 Nec6 11. Qd2 Rb8 12. Rab1 b5 13. Ne2 Nxf3+ 14. Bxf3 Qc7
15. c3 b4 16. d4 Qa5 17. e5 d5 18. Ra1 c4 19. Qc2 bxc3 20. bxc3 Qa3 21. Rab1
Ba6 22. Be3 Bb5 23. Bc1 Qa6 24. Rb2 Rb6 25. Be3 Rfb8 26. Rfb1 Bf8 27. a4 Qxa4
28. Qxa4 Bxa4 29. Rxb6 Rxb6 30. Rxb6 axb6 31. Bc1 b5 32. Bb2 b4 33. cxb4 Bxb4
34. Nc3 Bb3 35. Kf1 Nxd4 36. Bd1 Bxd1 37. Nxd1 Nb5 38. Bc1 c3 39. Ke2 Nd4+ 40.
Kd3 Nb3 41. Kc2 Nxc1 42. Kxc1 d4 43. Nf2 Kf8 44. Nd3 Be7 45. Kc2 f6 46. Kb3
fxe5 47. fxe5 Bg5 48. Kc2 Ke7 49. Ne1 Kd7 50. Kd3 Be3 51. Nc2 Kc6 52. Kc4 g5
53. g4 Bg1 54. h3 Kb6 55. Na1 Ka5 56. Nb3+ Ka4 57. Nc5+ Ka3 58. Nd3 Ka2 59. Kc5
c2 60. Kd6 Kb1 61. Kxe6 c1=Q 62. Nxc1 Kxc1 63. Kf5 d3 64. e6 Bc5 0-1

[Event "DEM U10"]
[Site "Willingen"]
[Date "2006.06.09"]
[Round "11.14"]
[White "Azizi, Nassim"]
[Black "Bokemaer, David"]
[Result "0-1"]
[WhiteElo "1331"]
[BlackElo "1222"]
[PlyCount "94"]
[EventDate "2006.??.??"]
[EventType "swiss"]
[EventRounds "11"]
[EventCountry "GER"]

1. e4 e5 2. Nf3 Nc6 3. Bb5 a6 4. Ba4 Bc5 5. c3 d6 6. d4 Ba7 7. O-O b5 8. Bb3
Nf6 9. Bg5 Bg4 10. d5 Nb8 11. Nbd2 O-O 12. c4 Nbd7 13. a4 b4 14. h3 Bh5 15. Qc2
Nc5 16. Bh4 Bxf3 17. Bxf6 Qxf6 18. Nxf3 Qf4 19. Nd2 f5 20. g3 Qg5 21. Nf3 Qf6
22. exf5 Qxf5 23. Qxf5 Rxf5 24. Nh4 Rxf2 25. Kxf2 Nxb3+ 26. Ke2 Nxa1 27. Rxa1
Bd4 28. Rb1 Rf8 29. b3 Rf2+ 30. Kd3 g5 31. Ke4 gxh4 32. gxh4 Rf4+ 33. Kd3 Rxh4
34. Rh1 Rf4 35. Ke2 Rf2+ 36. Ke1 Rb2 37. Kf1 Rxb3 38. Rh2 Rb1+ 39. Kg2 Rb2+ 40.
Kf3 Rxh2 41. c5 Bxc5 42. h4 b3 43. h5 b2 44. h6 b1=Q 45. a5 Qd3+ 46. Kg4 Qe4+
47. Kg5 Qg6# 0-1

[Event "DEM U10"]
[Site "Willingen"]
[Date "2006.06.09"]
[Round "11.16"]
[White "Lebeda, Timo"]
[Black "Urban, Lars"]
[Result "1/2-1/2"]
[WhiteElo "1496"]
[BlackElo "1265"]
[PlyCount "77"]
[EventDate "2006.??.??"]
[EventType "swiss"]
[EventRounds "11"]
[EventCountry "GER"]

1. e4 e5 2. Nf3 Nc6 3. Bc4 Nf6 4. d3 Bc5 5. c3 d6 6. Bb3 Be6 7. Bg5 h6 8. Bh4
g5 9. Bg3 Qd7 10. h3 Rg8 11. Nbd2 h5 12. Bxe6 fxe6 13. h4 g4 14. Ng5 Nh7 15.
Nxh7 Qxh7 16. Qb3 Nd8 17. Qa4+ Qd7 18. Qxd7+ Kxd7 19. a4 a5 20. Ke2 Nc6 21.
Rhf1 Rg7 22. Bh2 Rf8 23. g3 Rgf7 24. f3 Ne7 25. fxg4 Rf2+ 26. Ke1 Rxf1+ 27.
Nxf1 hxg4 28. Nd2 Rf2 29. Bg1 Rg2 30. Bxc5 dxc5 31. Nf1 Rxb2 32. Nd2 Rc2 33. c4
Ke8 34. Ke2 Kf7 35. Rh1 b6 36. Rf1+ Kg7 37. h5 Nc6 38. Ke3 Nd4 39. Rf2 1/2-1/2

[Event "DEM U10"]
[Site "Willingen"]
[Date "2006.06.09"]
[Round "11.19"]
[White "Sasse, Fabius"]
[Black "Knopf, Felix"]
[Result "1-0"]
[WhiteElo "1337"]
[BlackElo "1251"]
[PlyCount "75"]
[EventDate "2006.??.??"]
[EventType "swiss"]
[EventRounds "11"]
[EventCountry "GER"]

1. e4 c5 2. Nf3 Nc6 3. d4 cxd4 4. Nxd4 e5 5. Nb5 d6 6. Bg5 f6 7. Be3 a6 8. N5c3
Nge7 9. Bc4 b5 10. Bb3 Ng6 11. Qd5 Qc7 12. O-O Bb7 13. Qd1 Be7 14. Nd5 Qd8 15.
Bb6 Qd7 16. Nc7+ Kf8 17. Nxa8 Bxa8 18. Nc3 Bd8 19. Nd5 Nge7 20. Bxd8 Qxd8 21.
Nxe7 Nxe7 22. Qh5 g6 23. Qh6+ Ke8 24. Qg7 Rf8 25. Rfe1 h5 26. Qh6 Qb6 27. Qe3
Qb7 28. Qd3 Nf5 29. Bd5 Qb8 30. Bxa8 Qxa8 31. exf5 gxf5 32. Qxd6 Rg8 33. Qe6+
Kf8 34. Qxf6+ Ke8 35. Rxe5+ Kd7 36. Re7+ Kc8 37. Qe6+ Kb8 38. Qxg8# 1-0

[Event "DEM U10"]
[Site "Willingen"]
[Date "2006.06.09"]
[Round "11.21"]
[White "Engshuber, Maximilian"]
[Black "Lagunov, Elina"]
[Result "1-0"]
[WhiteElo "1228"]
[BlackElo "857"]
[PlyCount "37"]
[EventDate "2006.??.??"]
[EventType "swiss"]
[EventRounds "11"]
[EventCountry "GER"]

1. e4 e5 2. Nf3 Nc6 3. d4 exd4 4. Nxd4 Nf6 5. Nc3 Bb4 6. Nxc6 bxc6 7. Bd3 O-O
8. O-O d5 9. e5 Nd7 10. f4 Bc5+ 11. Kh1 Nb6 12. f5 d4 13. Ne4 Nd7 14. Nxc5 Nxc5
15. g3 g6 16. Qd2 Kh8 17. Qh6 Rg8 18. Rf4 Ne6 19. Qxh7+ 1-0

[Event "DEM U10"]
[Site "Willingen"]
[Date "2006.06.09"]
[Round "11.25"]
[White "Palm, Sören"]
[Black "Mainik, Philipp"]
[Result "0-1"]
[WhiteElo "1023"]
[BlackElo "1258"]
[PlyCount "52"]
[EventDate "2006.??.??"]
[EventType "swiss"]
[EventRounds "11"]
[EventCountry "GER"]

1. e4 e5 2. Nf3 Nc6 3. Bb5 a6 4. Bxc6 dxc6 5. Nxe5 Qd4 6. Nf3 Qxe4+ 7. Kf1 Nf6
8. Nc3 Qf5 9. d4 Be6 10. Bg5 Be7 11. Bxf6 Bxf6 12. Qd2 O-O-O 13. Re1 Bc4+ 14.
Kg1 c5 15. b3 cxd4 16. Nxd4 Rxd4 17. Qc1 Be6 18. h3 Rf4 19. g4 Rxg4+ 20. hxg4
Qxg4+ 21. Kf1 Bxc3 22. Rg1 Qh3+ 23. Ke2 Bg4+ 24. Rxg4 Qxg4+ 25. f3 Re8+ 26. Kd3
Qxf3+ 0-1

[Event "DEM U10"]
[Site "Willingen"]
[Date "2006.06.09"]
[Round "11.26"]
[White "Bluhm, Sonja Maria"]
[Black "Niedermayer, Julian Andi"]
[Result "0-1"]
[WhiteElo "963"]
[BlackElo "1190"]
[PlyCount "128"]
[EventDate "2006.??.??"]
[EventType "swiss"]
[EventRounds "11"]
[EventCountry "GER"]

1. e4 e5 2. Nf3 Nc6 3. Bc4 Bc5 4. c3 Nf6 5. d4 exd4 6. cxd4 Bb4+ 7. Nc3 Nxe4 8.
O-O Bxc3 9. d5 Bf6 10. Re1 Ne7 11. Rxe4 d6 12. Bg5 Bxg5 13. Nxg5 h6 14. Qe2
hxg5 15. Re1 Be6 16. dxe6 f6 17. Re3 d5 18. Rh3 Rxh3 19. gxh3 g6 20. Qf3 f5 21.
Rd1 c6 22. Qg3 Qc8 23. Qe5 Ng8 24. Bb3 b6 25. Re1 Qb7 26. Qh8 O-O-O 27. Qe5 Re8
28. Bxd5 Qc7 29. Qe3 f4 30. Qd2 Rd8 31. Qd3 cxd5 32. Qxg6 Qe7 33. Rc1+ Kb8 34.
Qf5 Qf6 35. Qc2 Qe5 36. Qc6 Ne7 37. Qc2 Rc8 38. Qb1 Rxc1+ 39. Qxc1 Qxe6 40. h4
Qg4+ 41. Kf1 Qxh4 42. Qe1 Qh3+ 43. Kg1 Qg4+ 44. Kf1 Nc6 45. Qe8+ Qc8 46. Qxc8+
Kxc8 47. Ke2 d4 48. a3 Ne5 49. a4 Kc7 50. b4 Kc6 51. h3 Kd5 52. Kd2 Kc4 53. a5
b5 54. a6 d3 55. Kc1 Kc3 56. Kd1 d2 57. f3 Nd3 58. h4 Nb2+ 59. Ke2 d1=Q+ 60.
Kf2 Qd2+ 61. Kf1 Nd3 62. Kg1 Qf2+ 63. Kh1 Ne1 64. hxg5 Qg2# 0-1

[Event "DEM U10"]
[Site "Willingen"]
[Date "2006.06.09"]
[Round "11.35"]
[White "Nitzsche, Pia"]
[Black "Hümmecke, Aaron"]
[Result "1-0"]
[WhiteElo "1012"]
[BlackElo "1260"]
[PlyCount "45"]
[EventDate "2006.??.??"]
[EventType "swiss"]
[EventRounds "11"]
[EventCountry "GER"]

1. e4 e5 2. Nf3 Nc6 3. Bc4 Nf6 4. d4 exd4 5. O-O Bc5 6. c3 dxc3 7. Bxf7+ Kxf7
8. e5 cxb2 9. Bxb2 Bb6 10. exf6 gxf6 11. Qd5+ Kf8 12. Nc3 d6 13. Ne4 Ne5 14.
Nxe5 fxe5 15. Bc1 h6 16. Rd1 Bg4 17. Rd3 c6 18. Qb3 d5 19. Ng3 h5 20. Ne4 Bf5
21. Rf3 dxe4 22. Rxf5+ Ke8 23. Qf7# 1-0

[Event "DEM U10"]
[Site "Willingen"]
[Date "2006.06.09"]
[Round "11.39"]
[White "Dang, An-Hai"]
[Black "Rahimi, Anita"]
[Result "1-0"]
[WhiteElo "1334"]
[BlackElo "849"]
[PlyCount "89"]
[EventDate "2006.??.??"]
[EventType "swiss"]
[EventRounds "11"]
[EventCountry "GER"]

1. e4 c5 2. Nf3 a6 3. d4 cxd4 4. Nxd4 Nf6 5. Nc3 e5 6. Nf3 Bc5 7. Bc4 d6 8. O-O
h6 9. Qe2 Nc6 10. a3 O-O 11. Be3 Bxe3 12. Qxe3 Be6 13. Bd3 Rc8 14. Rad1 Qe7 15.
Be2 Kh8 16. h3 a5 17. Qc1 Nh5 18. Rd2 Rc7 19. Qd1 Rd7 20. Bb5 Nf6 21. Re1 Kg8
22. Re3 Rdd8 23. Red3 Ne8 24. Bxc6 bxc6 25. Nxe5 c5 26. Nc6 Qg5 27. Nxd8 Qxd8
28. e5 Bf5 29. Rf3 Bd7 30. exd6 Bc6 31. Rg3 Nf6 32. Re3 Nd7 33. Nd5 Qg5 34.
Ne7+ Kh8 35. Nxc6 c4 36. Rg3 Qc5 37. Qg4 g6 38. Qxd7 a4 39. Qe7 Rg8 40. Qf6+
Rg7 41. d7 Kh7 42. d8=Q h5 43. Ne7 Kh6 44. Qh8+ Rh7 45. Qfg7# 1-0

[Event "DEM U10"]
[Site "Willingen"]
[Date "2006.06.09"]
[Round "11.41"]
[White "Srokovskiy, Andrea"]
[Black "Hirschmann, Jakob"]
[Result "1-0"]
[WhiteElo "940"]
[BlackElo "1042"]
[PlyCount "65"]
[EventDate "2006.??.??"]
[EventType "swiss"]
[EventRounds "11"]
[EventCountry "GER"]

1. e4 e5 2. Nf3 Nf6 3. Nxe5 Qe7 4. Nf3 Nxe4 5. Be2 Nc6 6. O-O Qd8 7. d4 Nf6 8.
Nc3 d5 9. Bg5 Be7 10. Re1 O-O 11. h3 h6 12. Bh4 Be6 13. Bd3 a6 14. a4 Nd7 15.
Bxe7 Qxe7 16. Nxd5 Qd8 17. Nf4 Re8 18. d5 Bxd5 19. Rxe8+ Qxe8 20. Nxd5 Qd8 21.
Bf5 Nf6 22. Nf4 Qxd1+ 23. Rxd1 Re8 24. Nd5 Rd8 25. Nxf6+ gxf6 26. Rxd8+ Nxd8
27. g4 Ne6 28. Kg2 Kf8 29. Bxe6 fxe6 30. Nd4 e5 31. Nf5 Kf7 32. Nxh6+ Kg6 33.
Nf5 1-0

[Event "DEM U10"]
[Site "Willingen"]
[Date "2006.06.09"]
[Round "11.43"]
[White "Schulze, Tabea"]
[Black "Kuckling, Hannah"]
[Result "1/2-1/2"]
[WhiteElo "869"]
[BlackElo "876"]
[PlyCount "92"]
[EventDate "2006.??.??"]
[EventType "swiss"]
[EventRounds "11"]
[EventCountry "GER"]

1. e4 c5 2. c3 d5 3. exd5 Qxd5 4. Nf3 Bg4 5. Be2 Nf6 6. d4 e6 7. h3 Bh5 8. O-O
Be7 9. Be3 cxd4 10. cxd4 Nc6 11. Nc3 Qd7 12. Qe1 O-O 13. Ne5 Nxe5 14. dxe5 Bxe2
15. Qxe2 Nd5 16. Nxd5 Qxd5 17. Rad1 Qxe5 18. Qg4 Bd6 19. g3 Be7 20. h4 Qxb2 21.
Bh6 Qf6 22. Bg5 Qg6 23. Rd7 Rfe8 24. Re1 h6 25. Re5 f6 26. Rxe6 hxg5 27. Rdxe7
Rxe7 28. Rxe7 Rf8 29. Rxb7 Rf7 30. Rb8+ Rf8 31. Qe6+ Qf7 32. Qxf7+ Kxf7 33.
Rb7+ Kg6 34. Rxa7 Rg8 35. a4 Kh5 36. Kg2 gxh4 37. gxh4 Kxh4 38. a5 g5 39. a6 f5
40. Rb7 Ra8 41. a7 f4 42. Rh7+ Kg4 43. f3+ Kf5 44. Rf7+ Kg6 45. Re7 Kh6 46.
Re6+ Kg7 1/2-1/2

[Event "DEM U14"]
[Site "Willingen"]
[Date "2006.06.09"]
[Round "9.2"]
[White "Heimann, Andreas"]
[Black "Strunski, Andreas"]
[Result "1-0"]
[WhiteElo "2136"]
[BlackElo "2146"]
[PlyCount "99"]
[EventDate "2006.??.??"]
[EventType "swiss"]
[EventRounds "9"]
[EventCountry "GER"]

1. e4 c5 2. Nf3 e6 3. d4 cxd4 4. Nxd4 Nf6 5. Nc3 d6 6. g3 Nc6 7. Bg2 Be7 8. O-O
O-O 9. Kh1 Qc7 10. f4 a6 11. Nxc6 bxc6 12. g4 a5 13. g5 Nd7 14. Qh5 Re8 15. Rf3
Nf8 16. Be3 d5 17. Rg1 Bb7 18. Rh3 Rad8 19. Bd4 Qd7 20. Be5 Bc5 21. Rd1 Bd6 22.
Bf6 Bxf4 23. Bxd8 Qxd8 24. Rf1 Qxg5 25. Qf3 Ng6 26. Rg3 Qh6 27. Rh3 Qg5 28. Rg3
Qh6 29. exd5 cxd5 30. Rh3 Qg5 31. Ne2 e5 32. Qd3 Bc8 33. Qb5 Rf8 34. Nxf4 Nxf4
35. Rg3 Qh6 36. Qxa5 Nxg2 37. Kxg2 Bb7 38. Kg1 Qc6 39. Qc3 Qb6+ 40. Qe3 d4 41.
Qxe5 f6 42. Qe7 Rf7 43. Qe8+ Rf8 44. Qd7 Rf7 45. Rb3 Qa7 46. Qd8+ Rf8 47. Qb6
Qxb6 48. Rxb6 Be4 49. Rd1 Bxc2 50. Rxd4 1-0

[Event "DEM U16w"]
[Site "Willingen"]
[Date "2006.06.09"]
[Round "9.1"]
[White "Fuchs, Judith"]
[Black "Kickert, Germaine Helene"]
[Result "1-0"]
[WhiteElo "2007"]
[BlackElo "1913"]
[PlyCount "89"]
[EventDate "2006.??.??"]
[EventType "swiss"]
[EventRounds "9"]
[EventCountry "GER"]

1. e4 c5 2. Nf3 Nc6 3. d4 cxd4 4. Nxd4 Nf6 5. Nc3 e6 6. Nxc6 bxc6 7. Bd3 d5 8.
e5 Nd7 9. Qe2 Qc7 10. f4 Qb6 11. Nd1 a5 12. Be3 Bc5 13. O-O Bxe3+ 14. Nxe3 Qxb2
15. Qg4 Qd4 16. Rae1 g6 17. Qh3 Ba6 18. Bxa6 Rxa6 19. Qh6 Ra8 20. Kh1 Qc5 21.
Ng4 Qe7 22. Ne3 Qf8 23. Qh3 Nc5 24. Ng4 Nd7 25. Rb1 h5 26. Ne3 Qe7 27. Rb7 Kf8
28. g4 Kg7 29. f5 Qg5 30. Rxd7 hxg4 31. Qxg4 Qxg4 32. f6+ Kf8 33. Nxg4 Rh4 34.
Nf2 Ke8 35. Re7+ Kf8 36. Rb1 Rb4 37. Rb3 c5 38. Nd3 Rxb3 39. cxb3 c4 40. Nc1
cxb3 41. Nxb3 Kg8 42. Rc7 a4 43. Nc5 a3 44. Nb7 Rb8 45. Rd7 1-0